000 00260nam a2200121Ia 4500
005 20251222152718.0
008 251222s9999||||xx |||||||||||||| ||spa||
082 _a398.8/E34
100 _aEibamaz
245 0 _aShipibo Bewa
250 _a1ra.ed.
942 _cLIB
999 _c29465
_d29465